Handbook of fluid dynamics / (Record no. 29468)
[ view plain ]
| 000 -LEADER | |
|---|---|
| fixed length control field | 00414 a2200157 4500 |
| 003 - CONTROL NUMBER IDENTIFIER | |
| control field | NUST |
| 005 - DATE AND TIME OF LATEST TRANSACTION | |
| control field | 20180118140850.0 |
| 008 - FIXED-LENGTH DATA ELEMENTS--GENERAL INFORMATION | |
| fixed length control field | 180118b xxu||||| |||| 00| 0 eng d |
| 020 ## - INTERNATIONAL STANDARD BOOK NUMBER | |
| International Standard Book Number | 0849325099 |
| 020 ## - INTERNATIONAL STANDARD BOOK NUMBER | |
| International Standard Book Number | 9780849325090 |
| 082 04 - DEWEY DECIMAL CLASSIFICATION NUMBER | |
| Classification number | 620.106 |
| 100 ## - MAIN ENTRY--PERSONAL NAME | |
| Personal name | Johnson, Richard W. |
| 9 (RLIN) | 8800 |
| 245 10 - TITLE STATEMENT | |
| Title | Handbook of fluid dynamics / |
| Statement of responsibility, etc. | Richard W. Johnson. |
| 260 ## - PUBLICATION, DISTRIBUTION, ETC. | |
| Place of publication, distribution, etc. | [S.l.] : |
| Name of publisher, distributor, etc. | CRC Press, |
| Date of publication, distribution, etc. | 1998. |
| 300 ## - PHYSICAL DESCRIPTION | |
| Extent | 1952 p. ; |
| Dimensions | 27 cm. |
| 700 1# - ADDED ENTRY--PERSONAL NAME | |
| Personal name | Johnson, Richard W. |
| 9 (RLIN) | 8800 |
| 942 ## - ADDED ENTRY ELEMENTS (KOHA) | |
| Institution code [OBSOLETE] | SNS |
| Koha item type | Book |
| Call number prefix | 620.106 JOH |
| Source of classification or shelving scheme | |
| Withdrawn status | Lost status | Damaged status | Not for loan | Permanent Location | Current Location | Date acquired | Total Checkouts | Full call number | Barcode | Date last seen | Price effective from | Koha item type |
|---|---|---|---|---|---|---|---|---|---|---|---|---|
| School of Natural Sciences (SNS) | School of Natural Sciences (SNS) | 05/26/2016 | 620.106 JOH | SNS0001013 | 05/26/2016 | 05/26/2016 | Book |
